เส้นทางการค้าไทย : 80 ปีกระทรวงพาณิชย์ (ระเบียนเลขที่ 9359)
| 000 -LEADER | |
|---|---|
| fixed length control field | 00881nam a22002297a 4500 |
| 005 - DATE AND TIME OF LATEST TRANSACTION | |
| control field | 20251125232822.0 |
| 008 - FIXED-LENGTH DATA ELEMENTS--GENERAL INFORMATION | |
| fixed length control field | s2543 th tha d |
| 020 ## - INTERNATIONAL STANDARD BOOK NUMBER | |
| International Standard Book Number | 9747800829 |
| 040 ## - CATALOGING SOURCE | |
| Original cataloging agency | NALT |
| 041 ## - LANGUAGE CODE | |
| Language code of text/sound track or separate title | tha |
| 050 ## - LIBRARY OF CONGRESS CALL NUMBER | |
| Classification number | HF3800.55 พ596ส 2543 |
| 086 ## - GOVERNMENT DOCUMENT CLASSIFICATION NUMBER | |
| Classification number | พณ01 8.2 2543 |
| 245 10 - TITLE STATEMENT | |
| Title | เส้นทางการค้าไทย : 80 ปีกระทรวงพาณิชย์ |
| 260 3# - PUBLICATION, DISTRIBUTION, ETC. | |
| Place of publication, distribution, etc. | กรุงเทพฯ : |
| Name of publisher, distributor, etc. | กระทรวงพาณิชย์, |
| Date of publication, distribution, etc. | 2543 |
| 300 ## - PHYSICAL DESCRIPTION | |
| Extent | 151 หน้า : |
| Other physical details | ภาพประกอบ, ตาราง ; |
| Dimensions | 22x30 ซม. |
| 650 04 - SUBJECT ADDED ENTRY--TOPICAL TERM | |
| Topical term or geographic name entry element | กระทรวงพาณิชย์ -- ประวัติ |
| 650 04 - SUBJECT ADDED ENTRY--TOPICAL TERM | |
| Topical term or geographic name entry element | ไทย -- การค้า -- ประว้ติ |
| 850 ## - HOLDING INSTITUTION | |
| Holding institution | NALT |
| 856 40 - ELECTRONIC LOCATION AND ACCESS | |
| Uniform Resource Identifier | <a href="https://hdl.handle.net/20.500.14156/366293">https://hdl.handle.net/20.500.14156/366293</a> |
| 942 ## - ADDED ENTRY ELEMENTS (KOHA) | |
| Koha item type | General Book |
| Source of classification or shelving scheme | Library of Congress Classification |
| Withdrawn status | Lost status | Damaged status | Not for loan | Collection code | Home library | Current library | Shelving location | Total Checkouts | Full call number | Barcode | Date last seen | Copy number | Price effective from | Koha item type | Source of classification or shelving scheme | Date acquired |
|---|---|---|---|---|---|---|---|---|---|---|---|---|---|---|---|---|
| Not for Loan | General Book collection | National Assembly Library of Thailand | National Assembly Library of Thailand | Parliament Building 2 | HF 3800.55 พ596ส 2543 | 3961105475 | 09/06/2017 | ฉ. 1 | 09/06/2017 | General Book | ||||||
| Not for Loan | General Book collection | National Assembly Library of Thailand | National Assembly Library of Thailand | Parliament Building 2 | HF 3800.55 พ596ส 2543 | 3961141255 | 09/06/2017 | ฉ. 2 | 09/06/2017 | General Book | ||||||
| Senate | National Assembly Library of Thailand | National Assembly Library of Thailand | General Book shelves | HF 3800.55 พ596ส 2543 | 0100003018001 | 26/08/2022 | 17/04/2022 | General Book | Library of Congress Classification | 17/04/2022 |
